| 000 | 00551cam a22002051 4500 | ||
|---|---|---|---|
| 001 | ca 36001363 | ||
| 003 | DLC | ||
| 005 | 20260227111143.0 | ||
| 008 | 830517s1929 ilua 000 0 eng | ||
| 010 | _aca 36001363 | ||
| 035 | _a(OCoLC)9517049 | ||
| 040 |
_aDLC _cNcD _dDLC |
||
| 042 | _apremarc | ||
| 050 | 0 | 0 |
_aPN4305.N6 _bL323 |
| 082 | _a791.1 | ||
| 100 | 1 | _aLawrence, John E. | |
| 245 | 1 | 0 |
_aOld Virginia minstrel first-part; _ba complete routine for the circle. |
| 260 |
_aChicago, _bT.S. Denison _c[1929] |
||
| 300 |
_a36 p. _billus. _c19 cm. |
||
| 999 |
_c18261 _d18261 |
||